Automatic process control for chemical engineers (Record no. 25223)

000 -LEADER
fixed length control field 00528nam a2200193 4500
001 - CONTROL NUMBER
control field 25223
003 - CONTROL NUMBER IDENTIFIER
control field BD-DhUET
008 - FIXED-LENGTH DATA ELEMENTS--GENERAL INFORMATION
fixed length control field 150304b1956 xxu||||| |||| 00| 0 eng d
040 ## - CATALOGING SOURCE
Original cataloging agency DLC
Transcribing agency DLC
Modifying agency BD-DhUET
082 ## - DEWEY DECIMAL CLASSIFICATION NUMBER
Classification number 660.28
Item number CEA/1956
100 ## - MAIN ENTRY--PERSONAL NAME
Personal name Ceaglaske, Norman H.
245 ## - TITLE STATEMENT
Title Automatic process control for chemical engineers
250 ## - EDITION STATEMENT
Edition statement 1st ed.
260 ## - PUBLICATION, DISTRIBUTION, ETC. (IMPRINT)
Place of publication, distribution, etc. New Delhi
Name of publisher, distributor, etc. Wiley Eastern
Date of publication, distribution, etc. 1956
300 ## - PHYSICAL DESCRIPTION
Extent xiv, 228 p.
Other physical details ill.
Dimensions 23 cm.
504 ## - BIBLIOGRAPHY, ETC. NOTE
Bibliography, etc Includes bibliographies
650 #0 - SUBJECT ADDED ENTRY--TOPICAL TERM
Topical term or geographic name as entry element Chemical engineering
942 ## - ADDED ENTRY ELEMENTS (KOHA)
Koha item type General Book
Holdings
Sublocation or collection (holding branch) Price effective from Shelving location Not for loan Location (home branch) Koha full call number Date acquired Koha date last seen Koha normalized classification for sorting Koha item type Source of classification or shelving scheme Lost status Withdrawn status Damaged status Piece designation (barcode) Copy number
Central Library, BUET2015-05-13Circulation section Central Library, BUET660.28/CEA/19562015-05-132015-05-13660_280000000000000_CEA_1956General Book    326241
Central Library, BUET2015-05-13Circulation section Central Library, BUET660.28/CEA/19562015-05-132015-05-13660_280000000000000_CEA_1956General Book    326232
Central Library, BUET2015-05-13Circulation section Central Library, BUET660.28/CEA/19562015-05-132015-05-13660_280000000000000_CEA_1956General Book    326223
Central Library, BUET2015-05-13Circulation section Central Library, BUET660.28/CEA/19562015-05-132015-05-13660_280000000000000_CEA_1956General Book    326214
Central Library, BUET2015-05-13Circulation section Central Library, BUET660.28/CEA/19562015-05-132015-05-13660_280000000000000_CEA_1956General Book    209285
Central Library, BUET2015-05-13Circulation section Central Library, BUET660.28/CEA/19562015-05-132015-05-13660_280000000000000_CEA_1956General Book    373106
Central Library, BUET2015-05-13Circulation section Central Library, BUET660.28/CEA/19562015-05-132015-05-13660_280000000000000_CEA_1956General Book    326257
Central Library, BUET2015-05-13Circulation section Central Library, BUET660.28/CEA/19562015-05-132015-05-13660_280000000000000_CEA_1956General Book    111458
Central Library, BUET2015-05-13Circulation section Central Library, BUET660.28/CEA/19562015-05-132015-05-13660_280000000000000_CEA_1956General Book    111489
Central Library, BUET2015-05-13Circulation section Central Library, BUET660.28/CEA/19562015-05-132015-05-13660_280000000000000_CEA_1956General Book    1114410
Central Library, BUET2015-05-13Circulation section Central Library, BUET660.28/CEA/19562015-05-132015-05-13660_280000000000000_CEA_1956General Book    1243111
Central Library, BUET2015-05-13Circulation section Central Library, BUET660.28/CEA/19562015-05-132015-05-13660_280000000000000_CEA_1956General Book    1015112